|
|
|
|
| LEADER |
01509nam a2200289 a 4500 |
| 001 |
0018006 |
| 003 |
BD-DhAAL |
| 008 |
090511s1996 njua b 001 0 eng d |
| 010 |
|
|
|a \\\96015550
|
| 020 |
|
|
|a 0133099075
|
| 040 |
|
|
|a DLC
|c DLC
|d DLC
|d BD-DhAAL
|
| 082 |
0 |
0 |
|a 621.3897
|2 20
|
| 100 |
1 |
|
|a Rao, K. Ramamohan
|q (Kamisetty Ramamohan)
|9 58601
|
| 245 |
1 |
0 |
|a Techniques and standards for image, video, and audio coding /
|c K.R. Rao, J.J. Hwang.
|
| 260 |
|
|
|a Upper Saddle River, N.J. :
|b Prentice Hall,
|c c1996.
|
| 300 |
|
|
|a xxiv, 563 p. :
|b ill. ;
|c 24 cm
|
| 504 |
|
|
|a Includes bibliographical references (p. 489-556) and index.
|
| 526 |
|
|
|a EEE
|x Md Sayeed Salam
Department of Electrical and Electronic Engineering
BRAC University
Course Name : Image and Video Compression (EEE 582)
|
| 541 |
1 |
|
|a D. S. Books International
|e 0018006
|
| 650 |
|
0 |
|a Coding theory
|x Standards.
|9 58602
|
| 650 |
|
0 |
|a Image processing
|x Digital techniques
|x Standards.
|9 58603
|
| 650 |
|
0 |
|a Signal processing
|x Digital techniques
|x Standards.
|9 58604
|
| 700 |
1 |
|
|a Hwang, J. J.
|9 58605
|
| 852 |
4 |
|
|a Ayesha Abed Library
|c General Stacks
|
| 942 |
|
|
|2 ddc
|c BK
|
| 999 |
|
|
|c 549
|d 549
|
| 952 |
|
|
|0 0
|1 0
|2 ddc
|4 0
|6 621_389700000000000_RAO_1996
|7 0
|8 NFIC
|9 499
|a BRACUL
|b BRACUL
|c GEN
|d 2009-05-11
|e D. S. Books International
|l 0
|o 621.3897 RAO
|p 3010018006
|r 2009-05-11
|t 1
|w 2009-05-11
|y BK
|x Requisitioned by Md Sayeed Salam (Department of Electrical and Electronic Engineering, BRAC University) for the course named-"Image and Video Compression (EEE 582)" ; USD 95.79
|